<?xml version="1.0" encoding="UTF-8"?>
<record
    xmlns:xsi="http://www.w3.org/2001/XMLSchema-instance"
    xsi:schemaLocation="http://www.loc.gov/MARC21/slim http://www.loc.gov/standards/marcxml/schema/MARC21slim.xsd"
    xmlns="http://www.loc.gov/MARC21/slim">

  <leader>01455nkm a22002417a 4500</leader>
  <controlfield tag="001">85828</controlfield>
  <controlfield tag="005">20260429094750.0</controlfield>
  <controlfield tag="007">kh bo </controlfield>
  <controlfield tag="008">260421s1981    sp ||||| |||| |0| i|spa d</controlfield>
  <datafield tag="040" ind1=" " ind2=" ">
    <subfield code="a">M-RABA</subfield>
    <subfield code="b">spa</subfield>
    <subfield code="c">M-RABA</subfield>
  </datafield>
  <datafield tag="245" ind1="0" ind2="1">
    <subfield code="a">[Estatua ecuestre a Hernando de Soto]</subfield>
    <subfield code="h">[Material gr&#xE1;fico]</subfield>
  </datafield>
  <datafield tag="260" ind1=" " ind2=" ">
    <subfield code="c">[ca. 1981]</subfield>
  </datafield>
  <datafield tag="300" ind1=" " ind2=" ">
    <subfield code="a">1 fotograf&#xED;a</subfield>
    <subfield code="b">: impresi&#xF3;n fotomec&#xE1;nica</subfield>
    <subfield code="c">; 23 x 30 cm</subfield>
  </datafield>
  <datafield tag="500" ind1="0" ind2="0">
    <subfield code="a">Fotograf&#xED;a de la estatua ecuestre a Hernando de Soto, realizada por el escultor espa&#xF1;ol Enrique P&#xE9;rez Comendador. </subfield>
  </datafield>
  <datafield tag="500" ind1="0" ind2="0">
    <subfield code="a">Nota manuscrita a tinta en el verso de la imagen: "Estatua ecuestre de bronce de Enrique P&#xE9;rez Comendador -Roma-. Hernando de Soto, una est&#xE1; en Bradenton -Florida. 1972 -U.S.A. Otra en r&#xE9;plica -en Badajoz -Junio 1981. Espa&#xF1;a". Nota manuscrita a l&#xE1;piz en el verso de la imagen: "Llega al Archivo entre un papel de D. Luis Blanco Soler, entregado 27 junio 1988".</subfield>
  </datafield>
  <datafield tag="600" ind1="1" ind2="7">
    <subfield code="a">Soto, Hernando de (</subfield>
    <subfield code="d">ca. 1500-1542)</subfield>
    <subfield code="9">70871</subfield>
  </datafield>
  <datafield tag="600" ind1="1" ind2="7">
    <subfield code="a">P&#xE9;rez Comendador, Enrique (</subfield>
    <subfield code="d">1900-1981)</subfield>
    <subfield code="9">29818</subfield>
  </datafield>
  <datafield tag="655" ind1=" " ind2="0">
    <subfield code="a">Fotograf&#xED;as de monumentos</subfield>
    <subfield code="9">111580</subfield>
  </datafield>
  <datafield tag="852" ind1=" " ind2=" ">
    <subfield code="j">Fot-729</subfield>
  </datafield>
  <datafield tag="856" ind1=" " ind2=" ">
    <subfield code="u">https://archivoybiblioteca.realacademiabellasartessanfernando.com/cgi-bin/koha/opac-retrieve-file.pl?id=6d0104bc1703908dad802277bd010ec5</subfield>
    <subfield code="y">Fot-729r</subfield>
  </datafield>
  <datafield tag="856" ind1=" " ind2=" ">
    <subfield code="u">https://archivoybiblioteca.realacademiabellasartessanfernando.com/cgi-bin/koha/opac-retrieve-file.pl?id=ced49c554aa1bc0d9884beac834de696</subfield>
    <subfield code="y">Fot-729v</subfield>
  </datafield>
  <datafield tag="942" ind1=" " ind2=" ">
    <subfield code="c">FOTOGRAF&#xCD;A</subfield>
    <subfield code="n">0</subfield>
  </datafield>
  <datafield tag="952" ind1=" " ind2=" ">
    <subfield code="0">0</subfield>
    <subfield code="1">0</subfield>
    <subfield code="2">ddc</subfield>
    <subfield code="4">0</subfield>
    <subfield code="7">0</subfield>
    <subfield code="8">FOTOGRAFIA</subfield>
    <subfield code="a">RABASF</subfield>
    <subfield code="b">RABASF</subfield>
    <subfield code="c">DP2</subfield>
    <subfield code="d">2026-04-21</subfield>
    <subfield code="l">0</subfield>
    <subfield code="o">Fot-729</subfield>
    <subfield code="p">1097052</subfield>
    <subfield code="r">2026-04-21 11:02:31</subfield>
    <subfield code="w">2026-04-21</subfield>
    <subfield code="y">FOTOGRAF&#xCD;A</subfield>
  </datafield>
  <datafield tag="999" ind1=" " ind2=" ">
    <subfield code="c">85828</subfield>
    <subfield code="d">85828</subfield>
  </datafield>
</record>
